1520 1414 1732 1831 1097 1441 1721 1364 1447 1382 1498 1448 1959 1151 1435 1338 1631 1025 1960 1673 1945 1200 1871 1618 1429 1039 1471 1558 1006 1020 1547 1397 1111 1541 1278 1128 1328 1889 1893 1516 1508 1250 1043 1408 1518 1492 1788 1243 1311 1970 1998 1813 1427 1524 1208 1642 1596 1694 1700 1689 1531 1282 1069 1217 1309 1971 1285 1633 1486 1032 1196 1410 1566 1431 1206 1484 1300 1054 1292 1751 1459 1909 1506 1457 1698 1685 1164 1686 1198 1998 1237 1141 1247 1908 1468 1140 1380 1672 1590 BCNSPRNW ULIB Ver.6.0+V

เปลี่ยนเป็นภาษาไทย

Change to English
 แสดงรายละเอียดบรรณานุกรม
  กลับหน้าหลัก

Brief Record : Get Marc (ISO 2709) : E-mail record : QR code < ปิดหน้าต่าง
LEADER : 00000nam 2200000uu 4500
001    13399121169
003     ULIB
008    121107s2554||||th 000 0 tha d
020    ^a9789744665263
060 04 ^aWY160^bส869ก
100 0  ^aสุวนีย์ เกี่ยวกิ่งแก้ว
245 10 ^aการพยาบาลจิตเวช =^bPsychiatric nursing /^cสุวนีย์ เกี่ยวกิ่งแก้ว
246 31 ^aPsychiatric nursing
250    ^aพิมพ์ครั้งที่ 2
260    ^aกรุงเทพฯ :^bโรงพิมพ์มหาวิทยาลัยธรรมศาสตร์,^c2554
300    ^axv, 380 หน้า :^bภาพประกอบ ;^c26 ซม.
504    ^aมีบรรณานุกรมและดัชนี
650  4 ^aการพยาบาลจิตเวชศาสตร์
650  4 ^aจิตเวชศาสตร์
856    ^zการพยาบาลจิตเวช.pdf (Content)^uhttp://ulibm.bcnsprnw.ac.th/ULIB6//_fulltext/5/13399121169/20121108113107_3227.pdf
945    ^p320^l0^i032979
945    ^p320^l0^i032980
945    ^p320^l0^i032981
945    ^p320^l0^i032982
945    ^p320^l0^i033002
945    ^p320^l0^i032983
945    ^p320^l0^i032984
995    ^a เกษร
999    ^aใช้งานได้ทุกระบบ
รายการนี้ยังไม่มีแท็ก
คุณยังไม่ได้ล็อกอิน คุณสามารถมีกิจกรรมร่วมกับเว็บไซต์ได้ แต่ต้องล็อกอินก่อน ::
  ล็อกอิน

รายการสื่อสารสนเทศ

ลำดับที่ ประเภท เลขเรียก/บาร์โค้ด สถานที่ สถานะ
1. วิทยาศาสตร์การแพทย์ และสุขภาพ
หนังสือสำรอง
สถานะ=หนังสือสำรอง
WY160 ส869ก ฉ.1 
  Barcode: 032979
ห้องสมุดวิทยาเขตสวรรค์ประชารักษ์
►ส่วนจัดเก็บหนังสือเก่า สปร
บนชั้น
  ขอยืม
2. วิทยาศาสตร์การแพทย์ และสุขภาพ
วิทยาศาสตร์การแพทย์ และสุขภาพ
WY160 ส869ก ฉ.2 
  Barcode: 032980
ห้องสมุดวิทยาเขตสวรรค์ประชารักษ์
►ส่วนจัดเก็บหนังสือเก่า สปร
บนชั้น
  ขอยืม
3. วิทยาศาสตร์การแพทย์ และสุขภาพ
วิทยาศาสตร์การแพทย์ และสุขภาพ
WY160 ส869ก ฉ.3 
  Barcode: 032981
ห้องสมุดวิทยาเขตสวรรค์ประชารักษ์
►ส่วนจัดเก็บหนังสือเก่า สปร
บนชั้น
  ขอยืม
4. วิทยาศาสตร์การแพทย์ และสุขภาพ
วิทยาศาสตร์การแพทย์ และสุขภาพ
WY160 ส869ก ฉ.4 
  Barcode: 032982
ห้องสมุดวิทยาเขตสวรรค์ประชารักษ์
►หนังสือทั่วไป
บนชั้น
5. วิทยาศาสตร์การแพทย์ และสุขภาพ
วิทยาศาสตร์การแพทย์ และสุขภาพ
WY160 ส869ก ฉ.5 
  Barcode: 033002
ห้องสมุดวิทยาเขตสวรรค์ประชารักษ์
►หนังสือทั่วไป
บนชั้น
6. วิทยาศาสตร์การแพทย์ และสุขภาพ
วิทยาศาสตร์การแพทย์ และสุขภาพ
WY160 ส869ก ฉ.6 
  Barcode: 032983
ห้องสมุดวิทยาเขตสวรรค์ประชารักษ์
►ส่วนจัดเก็บหนังสือเก่า สปร
บนชั้น
  ขอยืม
7. วิทยาศาสตร์การแพทย์ และสุขภาพ
วิทยาศาสตร์การแพทย์ และสุขภาพ
WY160 ส869ก ฉ.7 
  Barcode: 032984
ห้องสมุดวิทยาเขตสวรรค์ประชารักษ์
►ส่วนจัดเก็บหนังสือเก่า สปร
บนชั้น
  ขอยืม

รายการใกล้เคียง
    ผู้แต่ง [สุวนีย์ เกี่ยวกิ่งแก้ว]

    หัวเรื่อง [การพยาบาลจิตเวชศาสตร์]
    หัวเรื่อง [จิตเวชศาสตร์]

BibComment


ยังไม่เคยถูกคอมเมนท์

คอมเมนท์ทรัพยากรรายการนี้
  คอมเมนท์: การพยาบาลจิตเวช ..


 Copyright 2026. Bcnsprnw @Library